'K' Film Characters Quiz Stats

 Plays Quiz Updated Jan 24, 2016

Support Sporcle.
Go Orange.
Score 0/20 Timer 04:00
6 Plays Today
Picture Name % Correct
Kermit the Frog (The Muppet Movie)
97.8%
Kong (King Kong)
96.1%
Kevin McCallister (Home Alone)
90%
Katniss Everdeen (The Hunger Games)
86.2%
Kenny McCormick (South Park: Bigger, Longer and Uncut)
79.8%
'Kaa' the Snake (The Jungle Book)
59.4%
Kris Kringle (Miracle on 34th Street)
58.8%
Kumar Patel (Harold & Kumar Go to White Castle)
55.7%
Khan (Star Trek II: The Wrath of Khan)
47%
Katharine Hepburn (The Aviator)
45.9%
Picture Name % Correct
Kuzco (The Emperor's New Groove)
45.3%
Kreacher (Harry Potter series)
44%
Kyle Reese (The Terminator)
33.4%
Kato (The Green Hornet)
28.6%
Kitty Pryde (X-Men: The Last Stand)
26.7%
Kip Dynamite (Napoleon Dynamite)
22.7%
Karen Silkwood (Silkwood)
20.7%
Karl Childers (Sling Blade)
18.3%
Kay Adams (The Godfather)
12.3%
Klaatu (The Day the Earth Stood Still)
8.9%

You're not logged in!

Compare scores with friends on all Sporcle quizzes.
OR
Log In

From the Vault

The Princess Bride Quotes

by missmay

You keep using that word...
Remove Ads.
Support Sporcle.
Get the best of Sporcle when you Go Orange. This ad-free experience offers more features, more stats, and more fun while also helping to support Sporcle. Thank you for becoming a member.

Show Comments

Extras

Top Quizzes Today


Score Distribution

Your Account Isn't Verified!

In order to create a playlist on Sporcle, you need to verify the email address you used during registration. Go to your Sporcle Settings to finish the process.

Report this User

Report this user for behavior that violates our Community Guidelines.

Details: